00461nam a2200133Ia 4500008004100000041000800041082001700049100001600066245004700082260004800129700001600177999001900193952011500212230627s9999 xx 000 0 und d amar a346.066bPUL aPuliani R.  aManual Of Companies Act And Corporate Laws aNew DelhibBharat Law House Pvt. Ltd.c2004 a Puliani M. c687369d687369 001040708LLBaNLPbNLPd2005-03-31g795.00l0o346.066 PULpNLP-N08156r2023-07-17 00:00:00w2023-07-17yBK